[Event "Manikyanagar Chanchal Dad Memorial"]
[Site "Manikyanagar"]
[Date "2024.07.24"]
[Round "2"]
[White "Kolla, Bhaavan"]
[Black "Manish, Makwana"]
[Result "1-0"]
[WhiteElo "1971"]
[BlackElo "1601"]
[PlyCount "71"]
[EventDate "2024.07.24"]
[EventType "swiss"]
[EventRounds "9"]
[EventCountry "IND"]
[SourceTitle "EXT 2025"]
[Source "ChessBase"]
[SourceDate "2024.10.14"]
[SourceVersion "1"]
[SourceVersionDate "2024.10.14"]
[SourceQuality "1"]

1. e4 c6 2. d4 d5 3. e5 c5 4. dxc5 e6 5. Be3 Nc6 6. f4 Qa5+ 7. c3 Nh6 8. b4 Qc7 9. Nd2 a5 10. a3 Nf5 11. Bf2 h5 12. Ngf3 Be7 13. Bd3 g6 14. Nb3 Bd7 15. b5 Nb8 16. a4 f6 17. Bxf5 gxf5 18. Bd4 Qd8 19. exf6 Bxf6 20. 0-0 Rg8 21. Re1 Kf8 22. Bxf6 Qxf6 23. Ng5 Qxc3 24. Rc1 Qb4 25. Qxh5 Rxg5 26. fxg5 Qxb3 27. Qh8+ Kf7 28. g6+ Kxg6 29. Rc3 Qxa4 30. Rg3+ Qg4 31. Rxg4+ fxg4 32. c6 bxc6 33. bxc6 Nxc6 34. Qxa8 Kf7 35. Rf1+ Ke7 36. Qf8# 1-0